00691 2200229 4500001002100000005001500021035002000036007000300056008004100059020002200100082000800122084001400130100001200144245009500156250003400251260004200285300003900327650001900366700001800385700002400403504003400427INLIS00000000000466920260609080920 a0010-0626000023ta260609 g 0 ind  a978-623-153-394-4 a658 a658 SUW t0 aSuwitri1 aTeori Administrasi /cSri Suwitri (Penulis); Bambang Supriyono; Darmanto (Penelaah Materi) aCetakan Pertama, Agustus 2024 aJakarta :bUniversitas Terbuka,c2024 aix; 262 Hal :bTeks; Tabel ;c27cm 4aManajemen Umum0 aHardi Warsono0 aIda Hayu Dwimawanti aBibliografi Halaman 9.23-9.25